Strategic Management Theory: An Integrated Approach : (Record no. 596071)

MARC details
000 -LEADER
fixed length control field 00510nam a2200193 a 4500
008 - FIXED-LENGTH DATA ELEMENTS--GENERAL INFORMATION
fixed length control field 251106s2009##################000#0#eng##
020 ## - INTERNATIONAL STANDARD BOOK NUMBER
ISBN 9780538751070
082 04 - DEWEY DECIMAL CLASSIFICATION NUMBER
Classification number 658.4012
Item number HIL
100 1# - MAIN ENTRY--AUTHOR NAME
Personal name Hill, Charles,
245 10 - TITLE STATEMENT
Title Strategic Management Theory: An Integrated Approach :
260 ## - PUBLICATION, DISTRIBUTION, ETC. (IMPRINT)
Name of publisher Cengage Learning,
Year of publication 2009.
300 ## - PHYSICAL DESCRIPTION
Number of Pages 524 pages
650 #0 - SUBJECT ADDED ENTRY--TOPICAL TERM
Topical Term Business & Economics.
942 ## - ADDED ENTRY ELEMENTS (KOHA)
Koha item type English Books
Holdings
Withdrawn status Lost status Damaged status Not for loan Home library Current library Shelving location Date acquired Full call number Accession Number Price effective from Koha item type
        Anna Centenary Library Anna Centenary Library 6TH FLOOR, A WING 06.11.2025 658.4012 HIL 203030 06.11.2025 English Books

Find us on the map